00788nam a22002057a 450000500170000001000150001702000270003203500140005903700090007308200150008210000270009724500960012425000060022026000410022627000880026730000200035594200260037599900190040195201620042020260114123124.0 aENG-147451 a9789367134658c1180.00 aEN-130983 bDBAD a024.17126 aChopra, Anil K 986357 aDynamics Of Structures : bTheory & Applications To Earthquake Engineering/cAnil K Chopra  a6 aNoidabPearson India Educationc2026 a15th Floor, Towe-B, World Trade Tower, Plot No.1, Block-C, Sector-16bNoidae201301 a978p.c23cm(pb) 2ddccENh027.171mCHO c214112d214112 001040708NFICaDBADbDBADd2026-01-14eDelivery of Books Act Divisiong1180.00l0o027.171 CHOpEN-130983r2026-01-14 00:00:00t1v1180.00w2026-01-14yEN